000 00670nam a2200241Ia 4500
003 OSt
005 20221005052151.0
006 a|||||r|||| 00| 0
007 ta
008 221004b |||||||| |||| 00| 0 eng d
024 _a18829
037 _bGift, 04/06/2015,
_cTextual
040 _aCRL
_cCRL
_beng
041 _2eng
_aeng
082 _aO111,1L09w, D9
100 _aBoswell James
245 0 _aLife of Samuel Johnson
260 _aLondon
_bCollins Clear-Type Press UK
_c1909
300 _a637p.
_ccm.
650 _aENGLISH LITERATURE
942 _hO111,1L09w, D9
_cTEXL
_2cc
999 _c959887
_d959887